| 000 | 00473nam a22001337a 4500 | ||
|---|---|---|---|
| 082 | _aMSIT-11 | ||
| 100 |
_aMazhar ul Haq _937285 |
||
| 245 | _aDynamic entity and relationship extraction from news articles | ||
| 260 |
_aIslamabad _bNUST-SEECS _c2013 |
||
| 300 |
_a56 _b27cm.+ _eCD-ROM |
||
| 500 | _aSupervisors: Dr. Ali Mustafa Qamar, Dr. Usman Ilyas, Dr. Sarah Shafiq, Dr. Amir Hayat Khan | ||
| 856 | _uhttp://10.250.8.41:8080/xmlui/handle/123456789/10027 | ||
| 942 |
_cPR _2ddc |
||
| 999 |
_c13158 _d13158 |
||